The Reactions of Southville International School grade six students, SY 1997-1998, to Mathemathics as a subject. (Record no. 96114)
[ view plain ]
| 000 -LEADER | |
|---|---|
| fixed length control field | 00386nam a2200121 a 4500 |
| 005 - DATE AND TIME OF LATEST TRANSACTION | |
| control field | 20140408090006.0 |
| 008 - FIXED-LENGTH DATA ELEMENTS--GENERAL INFORMATION | |
| fixed length control field | 030602s19uu xx 00 eng d |
| 050 ## - LIBRARY OF CONGRESS CALL NUMBER | |
| Classification number | PGS '98 |
| Item number | MUN #22 |
| 050 ## - LIBRARY OF CONGRESS CALL NUMBER | |
| Classification number | PGS '98 |
| Item number | MUN #22 |
| 100 ## - MAIN ENTRY--PERSONAL NAME | |
| Personal name | Munar, Carlos C. |
| 245 ## - TITLE STATEMENT | |
| Title | The Reactions of Southville International School grade six students, SY 1997-1998, to Mathemathics as a subject. |
| 942 ## - ADDED ENTRY ELEMENTS (KOHA) | |
| Koha item type | PASS |
| Withdrawn status | Lost status | Damaged status | Home library | Current library | Shelving location | Date acquired | Source of acquisition | Total Checkouts | Full call number | Barcode | Date last seen | Price effective from | Koha item type |
|---|---|---|---|---|---|---|---|---|---|---|---|---|---|
| Luxembourg Library | Luxembourg Library | Portfolio Assessment of SISC Students Section | 06/02/2003 | PGS '98 MUN #22 | P0020 | 04/08/2014 | 04/08/2014 | PASS | |||||
| Luxembourg Library | Luxembourg Library | Portfolio Assessment of SISC Students Section | 06/03/2003 | PGS '98 MUN #22 | P0029 | 04/08/2014 | 04/08/2014 | PASS |